| 000 | 01504nam a2200289 i 4500 | ||
|---|---|---|---|
| 001 | 167718 | ||
| 003 | ES-MaACL | ||
| 005 | 20250823063124.0 | ||
| 008 | 931025s1782 sp a |||| | lat d | ||
| 100 | 1 |
_aVives, Juan Luis, _d1492-1540 _9115574 |
|
| 245 | 1 | 0 |
_aIoannis Ludovici Vivis ... Opera omnia / _cdistributa et ordinata in argumentorum classes praecipuas a Gregorio Maiansio ... ; item vita Vivis scripta ab eodem Maiansio ; liberaliter editionis impensas sufficiente ... Francisco Fabian et Fuero ... ; tomus I. |
| 260 |
_aValentiae Edetanorum : _bin officina Benedicti Monfort ..., _c1782. |
||
| 300 |
_a[4], XXVIII, [8], 220, 432 p., [1] h. de grab. : _bil. ; _cFol. |
||
| 530 | _aDisponible en formato digital. | ||
| 597 | _aSign.: [ ]1, ¶3, 2¶5, 3¶4, 4¶3, 5¶4, A-Z4, 2A-2D4, 2E2, A-Z4, 2A-2Z4, 3A-3F4, 3G2, 3H4, 3I2. | ||
| 597 | _aAntep. | ||
| 597 | _aPort. con grab. calc. | ||
| 597 | _aEsc. de Luis Vives en sig. 5¶4. | ||
| 599 | _aLa h. de grab. calc.: "Raph. Ximeno inv. et Joach. Fabregat inc.", retrato del autor. | ||
| 599 | _aGrab. calc.: "Raph. Ximeno inv. Man. Brandi inc.", en sign. A1, segunda secuencia. | ||
| 650 | 7 |
_aFilosofía renacentista _2embne _9147263 |
|
| 700 | 1 |
_aMayáns y Siscar, Gregorio. _979333 |
|
| 700 | 1 |
_aFabián y Fuero, Francisco. _9127000 |
|
| 852 |
_aES-MaACL _jR-1095-102 _z- Enc. pasta _xOlim: G-6927-34 |
||
| 856 |
_uhttp://hdl.handle.net/11169/7347 _zBiblioteca Digital Floridablanca |
||
| 999 |
_c167718 _d167718 |
||